000 01832cam a2200553 a 4500
001 20202
003 VRT
005 20260119120851.0
008 240226s2004 xo grf 000 0 slo
015 _aSNBA2005/06-02256
020 _a8055108544
_q(viazané)
035 _aSNK000432552
035 _aurn:nbn:sk:snk-am3j2tg
035 _a0AE25CEB-C21D-4C20-9CBC-856D0D81B59F
035 _aurn:nbn:sk:snk-am00gfwh
039 9 _a202402262045
_bVLOAD
_c202205091536
_dVLOAD
_c202204221140
_dVLOAD
_c202107231105
_dmsnk115
040 _aSNK
_bslo
_cSNK
_eAACR2
041 0 _aslo
044 _axo
_cSK
072 7 _a613
_xHygiena. Ľudské zdravie
_2konspekt
080 _a613-056.257
_x(035)
_21997
080 _a615.874.24
_22011
080 _a613.2
_22011
080 _a(035)
_22011
080 _a616-056.257
_22011
080 _a316.346.2-055.2
_22011
080 _a316.728
_22011
080 _a613.24
_22011
100 1 _aSipeky, Edita,
_d1959-2010
_4aut
245 1 0 _aMoje báječné ženy
_cEdita Sipeky
250 _a1. vyd.
260 _aBratislava
_bIkar
_c2004
300 _a187 strán
_c21 cm
650 0 7 _aobezita
_2SNKPH
650 0 7 _aredukcia telesnej hmotnosti
_2SNKPH
650 0 7 _azdravá výživa
_2SNKPH
650 0 7 _aženy
_2SNKPH
650 0 7 _aživotný štýl
_2SNKPH
650 0 7 _aredukčné diéty
_2SNKPH
655 7 _apríručky
_2SNKPH
910 _asnk
942 _2ddc
_cOLDO
_n0
949 _62889190798
_asavukPV 7317
949 _6273K0080131
_asvkpoA 189302
_bsvkpo472849
949 _64710708962
_astrmkN 613
_bstrmk2008/8962
949 _617A0435096
_9P60, <03>, [BOOK], {603}, -B-
_asnkSC 116342
_bsnkKSP 8401/2004
_s6100:20210720
949 _617A0443018
_9P60, <04>, [BOOK], {604}
_asnkSC 116342 D1
_bsnkKSP 11990/2004
949 _6270001000249168
_asvkbbA 110084
_bsvkbbm 656334
_p656.334
999 _c20202
_d20202